| 000 | 00750nam a2200241 i 4500 | ||
|---|---|---|---|
| 001 | 147436 | ||
| 003 | ES-MaACL | ||
| 005 | 20240222063054.0 | ||
| 007 | t| | ||
| 008 | 071001s1981 sp ||||1| spa d | ||
| 020 | _a84-239-5379-3 | ||
| 080 | _a914.641 M.(084) | ||
| 080 | _a860-94"19" | ||
| 080 | _a74 González, Alfredo | ||
| 100 | 1 |
_aUmbral, Francisco, _d1932-2007 _9111971 |
|
| 245 | 1 | 0 |
_aTeoría de Madrid / _c[texto de] Francisco Umbral ; [dibujos de] Alfredo González. |
| 260 |
_aMadrid : _bEspasa-Calpe, _c1981. |
||
| 300 |
_a254 p., 4 h. : _bil. ; _c35 cm. |
||
| 651 | 4 |
_aMadrid- _vObras ilustradas. _98976 |
|
| 700 | 1 |
_aGonzález, Alfredo. _958274 |
|
| 852 |
_aES-MaACL _jL-11198 _bR.113137 |
||
| 999 |
_c147436 _d147436 |
||